[Event "zonal 3.2b"]
[Site "Auckland NZL"]
[Date "2000.05.24"]
[Round "5"]
[White "Levi, Eddy"]
[Black "Zhao, Zong Yuan"]
[Result "0-1"]
[WhiteElo "2246"]
[BlackElo "2242"]
[EventDate "2000.05.20"]
[PlyCount "72"]

1.e4 e6 2.d4 d5 3.Nc3 Bb4 4.Qd3 dxe4 5.Qxe4 Nf6 6.Qh4 O-O 7.Bd3 c5 8.dxc5 
Qa5 9.Ne2 Nbd7 10.O-O Nxc5 11.Bc4 Ncd7 12.Bg5 h6 13.Be3 Ne5 14.Bb3 Ng6 15.
Qg3 b6 16.Rfe1 Kh7 17.a3 Be7 18.Nd4 Bb7 19.Rad1 Rac8 20.Ncb5 Ne4 21.Qg4 a6
22.Nc3 Nf6 23.Qh3 Rfd8 24.f4 Bc5 25.f5 Nf4 26.Bxf4 Rxd4 27.Rxd4 Bxd4+ 28.
Kh1 Bxc3 29.bxc3 Rxc3 30.Bg3 Ne4 31.fxe6 Nf2+ 32.Bxf2 Rxh3 33.exf7 Qg5 34.
Rg1 Qf4 35.f8=N+ Qxf8 36.Bg3 Qf5 0-1

[Event "zonal 3.2b"]
[Site "Auckland NZL"]
[Date "2000.05.24"]
[Round "5"]
[White "Guthrie, David"]
[Black "Ilic, Ilija"]
[Result "1-0"]
[WhiteElo "2138"]
[BlackElo "2096"]
[EventDate "2000.05.20"]
[PlyCount "99"]

1.d4 Nf6 2.c4 d6 3.Nc3 g6 4.e4 Bg7 5.Be2 Nc6 6.d5 Ne5 7.f4 Ned7 8.Nf3 c6 
9.O-O O-O 10.Kh1 cxd5 11.cxd5 Nc5 12.e5 Nfe4 13.Nxe4 Nxe4 14.Qd4 Nc5 15.b4
Na6 16.Bb2 Qb6 17.Qxb6 axb6 18.a3 Bf5 19.Bd4 Be4 20.Bxb6 Bxd5 21.Rad1 Bb3 
22.Rb1 Be6 23.exd6 exd6 24.Nd4 Bd7 25.Bf3 Nb8 26.Bxb7 Rxa3 27.b5 Ra4 28.
Nc6 Nxc6 29.bxc6 Be6 30.Bc7 Rd4 31.Rbd1 Rxd1 32.Rxd1 d5 33.Kg1 Re8 34.Be5 
Bxe5 35.fxe5 Re7 36.Kf2 Rc7 37.Ke3 Kf8 38.Kd4 Ke7 39.Kc5 g5 40.Ra1 Kf8 41.
Kd6 Re7 42.c7 Re8 43.Bxd5 Bxd5 44.Kxd5 Ke7 45.Kc6 Ke6 46.Rd1 Rc8 47.Rd8 
Rxc7+ 48.Kxc7 Kxe5 49.Rd7 f5 50.Rxh7 1-0

[Event "zonal 3.2b"]
[Site "Auckland NZL"]
[Date "2000.05.25"]
[Round "6"]
[White "Lukey, Stephen"]
[Black "Wohl, Aleksandar"]
[Result "0-1"]
[WhiteElo "2235"]
[BlackElo "2438"]
[EventDate "2000.05.20"]
[PlyCount "76"]

1.d4 Nf6 2.c4 e6 3.g3 d5 4.Bg2 dxc4 5.Nf3 a6 6.O-O Nc6 7.Nc3 Rb8 8.a4 Bb4 
9.e3 O-O 10.Qe2 b5 11.Rd1 Qe7 12.e4 e5 13.Nxe5 Nxd4 14.Rxd4 Qxe5 15.Rd1 
Re8 16.Bf4 Qc5 17.Be3 Qe7 18.axb5 axb5 19.Bg5 Bxc3 20.bxc3 h6 21.Bf4 Bb7 
22.f3 Nd5 23.Bd2 f5 24.Qe1 fxe4 25.fxe4 Nf6 26.e5 Ng4 27.Bf4 Qc5+ 28.Rd4 
Bxg2 29.Kxg2 Nxe5 30.Bxe5 Rxe5 31.Qd1 Rbe8 32.Ra2 Qc6+ 33.Kh3 Qe6+ 34.Kg2 
Re2+ 35.Rxe2 Qxe2+ 36.Qxe2 Rxe2+ 37.Kh3 Rc2 38.Rd5 c6 0-1

[Event "zonal 3.2b"]
[Site "Auckland NZL"]
[Date "2000.05.25"]
[Round "6"]
[White "Kulashko, Aleksei"]
[Black "Zhao, Zong Yuan"]
[Result "0-1"]
[WhiteElo "2382"]
[BlackElo "2242"]
[EventDate "2000.05.20"]
[PlyCount "114"]

1.Nf3 Nf6 2.b3 g6 3.Bb2 Bg7 4.g3 O-O 5.Bg2 d6 6.d4 e5 7.dxe5 Nfd7 8.Nc3 
dxe5 9.Qd2 Qe7 10.O-O-O a5 11.Nd5 Qc5 12.Qc3 Qxf2 13.Rhf1 Qxg2 14.Ne7+ Kh8
15.Nxe5 f6 16.N5xg6+ hxg6 17.Nxg6+ Kg8 18.Nxf8 Kxf8 19.Ba3+ Kg8 20.Qc4+ 
Kh7 21.Rf5 Ne5 22.Rh5+ Kg6 23.Qg8 Kxh5 24.Qxg7 Nbc6 25.Qxf6 Bg4 26.h4 Rg8 
27.Bf8 Bc8 28.Bg7 Kg4 29.Qf4+ Kh3 30.h5 Bg4 31.h6 Qxe2 32.Rh1+ Kg2 33.h7 
Nb4 34.Qf1+ Qxf1+ 35.Rxf1 Rd8 36.Rf6 Nd5 37.Rh6 Nf7 38.h8=Q Nxh8 39.Bxh8 
Kxg3 40.Be5+ Kf3 41.c4 Ke4 42.Bh2 Nf4 43.Bxf4 Kxf4 44.Rh7 Rd7 45.Rh8 b6 
46.c5 b5 47.Ra8 Rd5 48.Rxa5 Rxc5+ 49.Kb2 Ke5 50.a4 Bd7 51.axb5 Rxb5 52.Ra7
Kd6 53.Kc3 Rh5 54.Ra6+ c6 55.Kb4 Be6 56.Ka4 Rh3 57.b4 Bb3+ 0-1

[Event "zonal 3.2b"]
[Site "Auckland NZL"]
[Date "2000.05.25"]
[Round "6"]
[White "Watson, Bruce"]
[Black "Ker, Anthony"]
[Result "1/2-1/2"]
[WhiteElo "2260"]
[BlackElo "2321"]
[EventDate "2000.05.20"]
[PlyCount "91"]

1.Nf3 d6 2.d4 Bg4 3.e4 g6 4.Be2 Nf6 5.Nc3 Bg7 6.O-O O-O 7.Be3 Nc6 8.d5 
Bxf3 9.Bxf3 Ne5 10.Be2 c6 11.f4 Ned7 12.dxc6 bxc6 13.Bf3 Qc7 14.Qd3 Rab8 
15.Rab1 Rfd8 16.Rfd1 Ne8 17.g4 e6 18.b3 g5 19.Ne2 gxf4 20.Nxf4 Ne5 21.Qe2 
d5 22.Nh5 Nxf3+ 23.Qxf3 dxe4 24.Qxe4 Nf6 25.Qf4 Qxf4 26.Bxf4 Rxd1+ 27.Rxd1
Re8 28.Nxg7 Kxg7 29.Be5 Kg6 30.h3 h5 31.Rf1 Nd7 32.Bd4 hxg4 33.hxg4 e5 34.
Be3 Nf6 35.Rf5 Nd5 36.Bxa7 Nb4 37.Bc5 Nxc2 38.Kf2 Ra8 39.a4 Rb8 40.a5 Rb5 
41.Bb6 Rxb3 42.Rxe5 Nb4 43.Re3 Rb2+ 44.Re2 Rxe2+ 45.Kxe2 f5 46.gxf5+ 
1/2-1/2

[Event "zonal 3.2b"]
[Site "Auckland NZL"]
[Date "2000.05.25"]
[Round "6"]
[White "Dive, Russell John"]
[Black "Guthrie, David"]
[Result "1/2-1/2"]
[WhiteElo "2443"]
[BlackElo "2138"]
[EventDate "2000.05.20"]
[PlyCount "52"]

1.d4 Nf6 2.Nf3 g6 3.b4 Bg7 4.Bb2 O-O 5.Nbd2 d6 6.e3 Nbd7 7.Nc4 Re8 8.Be2 
c6 9.a4 Qc7 10.O-O b6 11.Ra3 Nd5 12.Rb3 Bb7 13.Qa1 a6 14.Rd1 Rac8 15.Bf1 
b5 16.Ncd2 N7b6 17.a5 Na4 18.c4 Nxb2 19.Qxb2 Nf6 20.Qb1 d5 21.c5 Rcd8 22.
Ne5 Bc8 23.Bd3 Nd7 24.Nxd7 Bxd7 25.h3 e5 26.dxe5 Rxe5 1/2-1/2

[Event "zonal 3.2b"]
[Site "Auckland NZL"]
[Date "2000.05.25"]
[Round "6"]
[White "Ilic, Ilija"]
[Black "Garbett, Paul Anthony"]
[Result "0-1"]
[WhiteElo "2096"]
[BlackElo "2360"]
[EventDate "2000.05.20"]
[PlyCount "78"]

1.d4 Nf6 2.Nc3 d5 3.g3 Bf5 4.Nf3 e6 5.Nh4 Bg4 6.f3 Bh5 7.Ng2 c5 8.Nf4 cxd4
9.Qxd4 Nc6 10.Qa4 d4 11.Nd1 Bd6 12.Nxh5 Nxh5 13.Bg2 O-O 14.Nf2 Bb4+ 15.Kf1
Rc8 16.a3 Be7 17.f4 Nf6 18.Nd3 Nd5 19.Bf3 g6 20.Kf2 Na5 21.Bd2 Nc4 22.Bb4 
a6 23.Bxe7 Qxe7 24.Rac1 Qd6 25.Qb3 Nd2 26.Qa2 Nxf3 27.exf3 b5 28.Rhe1 Ne3 
29.Qb1 Rfd8 30.Re2 Rc7 31.g4 g5 32.Kg3 gxf4+ 33.Nxf4 f5 34.Rxe3 dxe3 35.c4
Qe5 36.cxb5 Rxc1 37.Qxc1 fxg4 38.Qc4 axb5 39.Qc3 Rd4 0-1

[Event "zonal 3.2b"]
[Site "Auckland NZL"]
[Date "2000.05.25"]
[Round "6"]
[White "Tindall, Brett"]
[Black "Levi, Eddy"]
[Result "0-1"]
[WhiteElo "2194"]
[BlackElo "2246"]
[EventDate "2000.05.20"]
[PlyCount "146"]

1.e4 e5 2.Nf3 Nf6 3.Nxe5 d6 4.Nf3 Nxe4 5.d4 d5 6.Bd3 Bg4 7.O-O Be7 8.Re1 
Nc6 9.Bxe4 dxe4 10.Rxe4 Bxf3 11.Qxf3 Nxd4 12.Qd3 Ne6 13.Qe2 O-O 14.Be3 Qd5
15.Nc3 Qa5 16.Qb5 Qxb5 17.Nxb5 Bf6 18.c3 a6 19.Na3 b5 20.f4 g6 21.Rf1 Ng7 
22.g4 Rfe8 23.Rxe8+ Rxe8 24.Nc2 Be7 25.f5 gxf5 26.gxf5 Bf6 27.Kg2 Rd8 28.
Bh6 Rd6 29.Bf4 Rd7 30.Bh6 Rd6 31.Bf4 Rd7 32.Bc1 c5 33.Ne3 h5 34.Kf3 b4 35.
c4 Bd4 36.Kf4 Re7 37.Rg1 Kf8 38.Rg2 f6 39.Rg6 Kf7 40.Nd5 Re1 41.Bd2 Rf1+ 
42.Ke4 Nxf5 43.Rg2 Nd6+ 44.Kd3 a5 45.b3 f5 46.Be3 Bxe3 47.Nxe3 Ra1 48.Re2 
Kg6 49.Rg2+ Kf6 50.Nd5+ Ke5 51.Rg7 Ne4 52.Rc7 Kd6 53.Rf7 Rxa2 54.Rxf5 Nf2+
55.Ke3 Ng4+ 56.Ke4 Re2+ 57.Kd3 Rxh2 58.Rg5 Rh3+ 59.Kc2 Rh2+ 60.Kd3 Rh3+ 
61.Kc2 Ne5 62.Nf6 Nf3 63.Ne4+ Ke7 64.Rxc5 Nd4+ 65.Kb2 Rh2+ 66.Kb1 Nxb3 67.
Rb5 h4 68.c5 Nd2+ 69.Nxd2 Rxd2 70.c6 h3 71.Rb7+ Kd8 72.Rh7 h2 73.Kc1 Rg2 
0-1

[Event "zonal 3.2b"]
[Site "Auckland NZL"]
[Date "2000.05.26"]
[Round "7"]
[White "Wohl, Aleksandar"]
[Black "Dive, Russell John"]
[Result "1-0"]
[WhiteElo "2438"]
[BlackElo "2443"]
[EventDate "2000.05.20"]
[PlyCount "79"]

1.e4 g6 2.d4 Bg7 3.Nc3 d6 4.Nf3 c6 5.Be3 b5 6.Bd3 Nf6 7.Qd2 Qc7 8.h3 Nbd7 
9.O-O O-O 10.Rfe1 Bb7 11.a3 a6 12.e5 dxe5 13.dxe5 Nxe5 14.Nxe5 Qxe5 15.Bf4
Qc5 16.b4 Qd4 17.Be3 Qd7 18.Bc5 Rfe8 19.Rad1 Qc7 20.Ne4 Nd7 21.Be3 Rad8 
22.Nc5 Bc8 23.Nxd7 Bxd7 24.Bc5 Be6 25.Qe3 Rd7 26.h4 Bd5 27.h5 e5 28.hxg6 
hxg6 29.Qh3 Rdd8 30.Qh4 Ra8 31.f3 Qd8 32.Qh2 Qf6 33.Kf2 Bf8 34.Be3 Qg7 35.
Rh1 Be7 36.Bh6 Qf6 37.Rde1 Bd6 38.Bg5 Qg7 39.Qh4 Bf8 40.Bf6 1-0

[Event "zonal 3.2b"]
[Site "Auckland NZL"]
[Date "2000.05.26"]
[Round "7"]
[White "Watson, Bruce"]
[Black "Kulashko, Aleksei"]
[Result "1-0"]
[WhiteElo "2260"]
[BlackElo "2382"]
[EventDate "2000.05.20"]
[PlyCount "95"]

1.Nf3 c5 2.g3 g6 3.Bg2 Bg7 4.O-O Nc6 5.d3 e5 6.e4 Nge7 7.Nbd2 O-O 8.a4 f5 
9.c3 h6 10.b4 cxb4 11.cxb4 d5 12.b5 dxe4 13.dxe4 Nd4 14.Ba3 f4 15.Nxd4 
exd4 16.e5 Bxe5 17.Nc4 Bf6 18.Nd6 Be5 19.Nxb7 Bxb7 20.Bxb7 Rb8 21.Be4 Kg7 
22.Rc1 Rf6 23.Re1 fxg3 24.hxg3 Nf5 25.Bc5 Qd7 26.Bxf5 Qxf5 27.Bxd4 Bxd4 
28.Qxd4 Rb7 29.Rc6 Rf7 30.Rxf6 Qxf6 31.Rd1 Qxd4 32.Rxd4 Re7 33.Rd6 h5 34.
f4 Re2 35.Rd7+ Kf6 36.Rxa7 Rb2 37.Rc7 Kf5 38.Rc3 Ke4 39.Ra3 Kd4 40.a5 Rxb5
41.a6 Rb8 42.a7 Ra8 43.Kg2 Ke4 44.Kh3 Kf5 45.Kh4 Kf6 46.Ra5 Kf7 47.Kg5 Kg7
48.Ra4 1-0

[Event "zonal 3.2b"]
[Site "Auckland NZL"]
[Date "2000.05.26"]
[Round "7"]
[White "Zhao, Zong Yuan"]
[Black "Ker, Anthony"]
[Result "1/2-1/2"]
[WhiteElo "2242"]
[BlackElo "2321"]
[EventDate "2000.05.20"]
[PlyCount "93"]

1.e4 d6 2.d4 Nf6 3.Nc3 g6 4.Be3 c6 5.Qd2 b5 6.Bd3 Bg7 7.Nf3 Nbd7 8.Bh6 O-O
9.O-O-O Nb6 10.Bxg7 Kxg7 11.h4 h5 12.e5 Nfd5 13.Nxd5 Nxd5 14.Ng5 f6 15.
exf6+ exf6 16.Nh3 Be6 17.Nf4 Nxf4 18.Qxf4 Qa5 19.g4 hxg4 20.h5 b4 21.hxg6 
Qg5 22.Rh7+ Kg8 23.Qxg5 fxg5 24.Rdh1 Rac8 25.R1h6 Bf5 26.Rh2 Bxd3 27.cxd3 
c5 28.Rxa7 cxd4+ 29.Kd2 Rc5 30.Rhh7 Rxf2+ 31.Kd1 Rf1+ 32.Ke2 Rcf5 33.Ra8+ 
Rf8 34.Rxf8+ Rxf8 35.Rf7 Re8+ 36.Kf2 Re3 37.Rf5 g3+ 38.Kg2 Rxd3 39.Rxg5 
Kg7 40.Rxg3 Rd2+ 41.Kf3 Rxb2 42.Ke4 Rxa2 43.Kxd4 Ra3 44.Rg1 Rh3 45.Kd5 b3 
46.Kxd6 b2 47.Rb1 1/2-1/2

[Event "zonal 3.2b"]
[Site "Auckland NZL"]
[Date "2000.05.26"]
[Round "7"]
[White "Ilic, Ilija"]
[Black "Tindall, Brett"]
[Result "0-1"]
[WhiteElo "2096"]
[BlackElo "2194"]
[EventDate "2000.05.20"]
[PlyCount "80"]

1.e4 c5 2.Nf3 d6 3.d4 cxd4 4.Nxd4 Nf6 5.Bd3 g6 6.c3 Bg7 7.O-O O-O 8.Na3 
Nbd7 9.f3 a6 10.Be3 d5 11.exd5 Nxd5 12.Bf2 Nf4 13.Bc2 Nf6 14.Nc4 Qc7 15.
Ne3 Rd8 16.Qe1 e5 17.Ne2 Be6 18.b3 Nxe2+ 19.Qxe2 Qxc3 20.Rfd1 Rd4 21.Nf1 
Rxd1 22.Rxd1 Rc8 23.Be4 Nxe4 24.Qxe4 Qc6 25.Qh4 Bf5 26.g4 Bf6 27.Qg3 Be6 
28.Ne3 Qc7 29.g5 Bg7 30.h4 Rd8 31.Rxd8+ Qxd8 32.Kg2 Qd7 33.Qh2 Qd2 34.Qg1 
Qxa2 35.Qd1 Qxb3 36.Qd8+ Bf8 37.Kg3 Qa3 38.Nf1 e4 39.Nd2 Qd6+ 40.Qxd6 
Bxd6+ 0-1

[Event "zonal 3.2b"]
[Site "Auckland NZL"]
[Date "2000.05.27"]
[Round "8"]
[White "Garbett, Paul Anthony"]
[Black "Wohl, Aleksandar"]
[Result "1/2-1/2"]
[WhiteElo "2360"]
[BlackElo "2438"]
[EventDate "2000.05.20"]
[PlyCount "30"]

1.d4 Nf6 2.Nf3 e6 3.g3 c5 4.Bg2 cxd4 5.Nxd4 Nc6 6.O-O Qb6 7.Nxc6 bxc6 8.b3
d5 9.Bb2 Be7 10.Nd2 O-O 11.e4 a5 12.exd5 cxd5 13.Nc4 Qc7 14.Be5 Qa7 15.Ne3
Ba6 1/2-1/2

[Event "zonal 3.2b"]
[Site "Auckland NZL"]
[Date "2000.05.27"]
[Round "8"]
[White "Ker, Anthony"]
[Black "Lukey, Stephen"]
[Result "1-0"]
[WhiteElo "2321"]
[BlackElo "2235"]
[EventDate "2000.05.20"]
[PlyCount "81"]

1.d4 Nf6 2.Bg5 e6 3.e4 h6 4.Bxf6 Qxf6 5.Nf3 d6 6.Nc3 Nd7 7.Qd2 a6 8.O-O-O 
Qd8 9.h4 b5 10.Qe3 Bb7 11.g3 Be7 12.Bh3 b4 13.Ne2 a5 14.Nf4 Qb8 15.g4 g6 
16.g5 h5 17.Bxe6 fxe6 18.Nxg6 Rh7 19.Nf4 Nf8 20.Rhg1 Kd7 21.g6 Rg7 22.Ng5 
Bxg5 23.Rxg5 a4 24.Rdg1 b3 25.a3 Qd8 26.Rxh5 bxc2 27.Rhg5 Qe7 28.h5 Nh7 
29.R5g2 Nf6 30.h6 Bxe4 31.f3 Bf5 32.hxg7 Qxg7 33.Rg5 Rb8 34.Rxf5 exf5 35.
Qe6+ Kc6 36.Kxc2 Qh6 37.Qxf5 Qh4 38.Kb1 Rb3 39.Ne6 Kb7 40.Rc1 c6 41.Nd8+ 
1-0

[Event "zonal 3.2b"]
[Site "Auckland NZL"]
[Date "2000.05.27"]
[Round "8"]
[White "Levi, Eddy"]
[Black "Smith, Robert"]
[Result "1-0"]
[WhiteElo "2246"]
[BlackElo "2300"]
[EventDate "2000.05.20"]
[PlyCount "101"]

1.e4 c6 2.c4 e5 3.d4 Bb4+ 4.Bd2 Bxd2+ 5.Qxd2 d6 6.Nf3 Nd7 7.Nc3 Ngf6 8.
O-O-O Qc7 9.Nh4 O-O 10.Nf5 g6 11.dxe5 dxe5 12.Qg5 Kh8 13.Nd6 Ng8 14.g3 f6 
15.Qe3 Kg7 16.h4 b6 17.Bh3 Rd8 18.f4 exf4 19.gxf4 Ne7 20.e5 f5 21.Bxf5 Nf8
22.Bc2 Be6 23.f5 Nxf5 24.Bxf5 Bxf5 25.Nxf5+ gxf5 26.Qg5+ Kf7 27.Qxf5+ Ke8 
28.Ne4 Rxd1+ 29.Rxd1 Qg7 30.h5 Rd8 31.Nd6+ Ke7 32.Kb1 Ne6 33.Qe4 Kf8 34.a3
Kg8 35.Qe3 Kh8 36.Rg1 Qe7 37.h6 Rg8 38.Rf1 Rf8 39.Rg1 Rg8 40.Rxg8+ Kxg8 
41.Qf3 Nf8 42.Qxc6 Qxe5 43.Qg2+ Ng6 44.Qa8+ Nf8 45.Qxa7 Qf6 46.Ka2 Ne6 47.
Qxb6 Qxh6 48.a4 Qh5 49.a5 Qd1 50.Nb5 Qe2 51.Na3 1-0

[Event "zonal 3.2b"]
[Site "Auckland NZL"]
[Date "2000.05.27"]
[Round "8"]
[White "Dive, Russell John"]
[Black "Ilic, Ilija"]
[Result "1-0"]
[WhiteElo "2443"]
[BlackElo "2096"]
[EventDate "2000.05.20"]
[PlyCount "121"]

1.d4 d6 2.Nf3 Nf6 3.g3 g6 4.b3 Bg7 5.Bb2 O-O 6.Nbd2 d5 7.c4 e6 8.Qc2 c6 9.
Bg2 Nbd7 10.O-O a5 11.a3 b5 12.Rfe1 Ba6 13.c5 h6 14.Ne5 Nxe5 15.dxe5 Nd7 
16.f4 Bc8 17.e4 Nb8 18.Nf3 Na6 19.Nd4 Bd7 20.Rac1 Nc7 21.Bh3 dxe4 22.Qxe4 
Nd5 23.Qc2 Qe7 24.Nf3 Kh7 25.Bg2 Rg8 26.h4 Bf8 27.Bd4 Be8 28.Bf1 Rd8 29.
Qf2 Qd7 30.Red1 Be7 31.Bd3 Qc8 32.Bb1 Rg7 33.Nd2 f5 34.exf6 Bxf6 35.Ne4 
Bxd4 36.Qxd4 Qc7 37.Rc2 Qe7 38.Nf6+ Kh8 39.Re2 Bf7 40.b4 Ra8 41.Nxd5 cxd5 
42.Qxd5 exd5 43.Rxe7 axb4 44.axb4 Ra3 45.Bd3 Rb3 46.c6 Rc3 47.Bxb5 Bg8 48.
Rxg7 Kxg7 49.Rd3 Rc1+ 50.Kf2 Kf6 51.Ke2 Be6 52.Kd2 Ra1 53.c7 Ra7 54.Rc3 
Bc8 55.Ke3 Ra1 56.Kd4 Rd1+ 57.Kc5 d4 58.Rd3 Rc1+ 59.Kd6 Rc3 60.Rxd4 Rxg3 
61.Bd7 1-0

[Event "zonal 3.2b"]
[Site "Auckland NZL"]
[Date "2000.05.27"]
[Round "8"]
[White "Zhao, Zong Yuan"]
[Black "Watson, Bruce"]
[Result "1-0"]
[WhiteElo "2242"]
[BlackElo "2260"]
[EventDate "2000.05.20"]
[PlyCount "83"]

1.e4 c5 2.Nf3 e6 3.d4 cxd4 4.Nxd4 Nc6 5.Nc3 Qc7 6.Be2 a6 7.O-O b5 8.Be3 
Bb7 9.f4 Bc5 10.Qd3 Qb6 11.Rfd1 Nge7 12.a4 b4 13.a5 Qa7 14.Na4 Bxd4 15.
Bxd4 Qxd4+ 16.Qxd4 Nxd4 17.Rxd4 Nc6 18.Rd6 Ra7 19.Nc5 Bc8 20.e5 g5 21.Bf3 
Ne7 22.fxg5 Nf5 23.Rb6 Ne3 24.Re1 Nxc2 25.Rc1 Nd4 26.Ne4 Ke7 27.Nd6 Nc6 
28.Bxc6 dxc6 29.Rcxc6 Bd7 30.Rxa6 Rxa6 31.Rxa6 h6 32.gxh6 Rxh6 33.Ra7 Rh4 
34.a6 Rd4 35.Rb7 Rd1+ 36.Kf2 Rd2+ 37.Ke3 Rxb2 38.a7 Ra2 39.Nc8+ Kd8 40.
Rxd7+ Kxc8 41.Rxf7 b3 42.Kd3 1-0

[Event "zonal 3.2b"]
[Site "Auckland NZL"]
[Date "2000.05.27"]
[Round "8"]
[White "Guthrie, David"]
[Black "Tindall, Brett"]
[Result "0-1"]
[WhiteElo "2138"]
[BlackElo "2194"]
[EventDate "2000.05.20"]
[PlyCount "116"]

1.d4 Nf6 2.c4 e6 3.Nf3 Bb4+ 4.Nbd2 b6 5.e3 Bb7 6.Bd3 O-O 7.O-O d5 8.b3 Ne4
9.Bb2 Nd7 10.a3 Be7 11.Rc1 Rc8 12.Qe2 f5 13.Ne5 Nxe5 14.dxe5 Nxd2 15.Qxd2 
dxc4 16.Rxc4 c5 17.Rd1 b5 18.Rc3 Qb6 19.Qe2 Rcd8 20.Rdc1 a6 21.f4 Rd7 22.
Bc2 Rc8 23.h3 Bf8 24.Kh2 Qc6 25.Re1 Rcd8 26.Bc1 a5 27.e4 fxe4 28.Qxe4 Qxe4
29.Bxe4 Bxe4 30.Rxe4 b4 31.axb4 axb4 32.Rce3 Rd1 33.Re1 R1d3 34.R4e3 Rxe3 
35.Rxe3 Rd1 36.Bb2 Rd2 37.Bc1 Rc2 38.Re1 Rc3 39.f5 exf5 40.Bg5 h6 41.Bd8 
Rxb3 42.e6 Bd6+ 43.Kg1 Kf8 44.Rd1 Be7 45.Bb6 Re3 46.Rd5 Rxe6 47.Bxc5 Bxc5+
48.Rxc5 Rb6 49.Rxf5+ Ke7 50.Rf2 b3 51.Rb2 Kd6 52.Kf2 Kc5 53.Ke3 Kb4 54.Kd2
Ka3 55.Kc1 Rc6+ 56.Kb1 Rf6 57.Ka1 Rf1+ 58.Rb1 b2# 0-1

[Event "zonal 3.2b"]
[Site "Auckland NZL"]
[Date "2000.05.28"]
[Round "9"]
[White "Dive, Russell John"]
[Black "Kulashko, Aleksei"]
[Result "1-0"]
[WhiteElo "2443"]
[BlackElo "2382"]
[EventDate "2000.05.20"]
[PlyCount "91"]

1.d4 g6 2.c4 Bg7 3.Nc3 d6 4.g3 a6 5.Bg2 Nd7 6.Nf3 e6 7.e4 Ne7 8.O-O b6 9.
Bg5 h6 10.Be3 Bb7 11.Qd2 f5 12.exf5 Nxf5 13.Rfe1 O-O 14.Nh4 Bxg2 15.Nxf5 
exf5 16.Kxg2 g5 17.f4 g4 18.Bf2 b5 19.cxb5 axb5 20.Nxb5 Nf6 21.d5 Ne4 22.
Qc2 Nxf2 23.Kxf2 c6 24.Qxc6 Rc8 25.Qxd6 Rc2+ 26.Re2 Rxe2+ 27.Kxe2 Re8+ 28.
Kf1 Qa5 29.Qc6 Re3 30.Rd1 Qb4 31.d6 Kh7 32.Qd5 Rf3+ 33.Kg1 Re3 34.Qxf5+ 
Kh8 35.Qc8+ Kh7 36.Qc2+ Kh8 37.d7 Re1+ 38.Rxe1 Qxe1+ 39.Kg2 Qe7 40.Qd3 Qd8
41.Qd5 Bf6 42.Nd6 Qb6 43.Nc4 Qd8 44.Ne5 Qc7 45.d8=Q+ Bxd8 46.Qxd8+ 1-0

[Event "zonal 3.2b"]
[Site "Auckland NZL"]
[Date "2000.05.28"]
[Round "9"]
[White "Zhao, Zong Yuan"]
[Black "Garbett, Paul Anthony"]
[Result "1/2-1/2"]
[WhiteElo "2242"]
[BlackElo "2360"]
[EventDate "2000.05.20"]
[PlyCount "42"]

1.e4 c5 2.Nf3 e6 3.d4 cxd4 4.Nxd4 Nc6 5.Nc3 Qc7 6.Be3 a6 7.f4 b5 8.Be2 Bb7
9.Bf3 Na5 10.O-O Nc4 11.Bc1 Bc5 12.Kh1 Ne7 13.Qd3 O-O 14.a4 Qb6 15.Nb3 Bb4
16.axb5 axb5 17.Rxa8 Rxa8 18.Qxd7 Nc6 19.Qd3 Rd8 20.Qe2 Bxc3 21.bxc3 e5 
1/2-1/2

[Event "zonal 3.2b"]
[Site "Auckland NZL"]
[Date "2000.05.28"]
[Round "9"]
[White "Tindall, Brett"]
[Black "Ker, Anthony"]
[Result "1/2-1/2"]
[WhiteElo "2194"]
[BlackElo "2321"]
[EventDate "2000.05.20"]
[PlyCount "21"]

1.e4 d6 2.d4 Nf6 3.Nc3 g6 4.Be3 c6 5.Qd2 b5 6.Bd3 Bg7 7.f3 Nbd7 8.O-O-O 
Nb6 9.Bh6 Bxh6 10.Qxh6 Qc7 11.Nh3 1/2-1/2

[Event "zonal 3.2b"]
[Site "Auckland NZL"]
[Date "2000.05.28"]
[Round "9"]
[White "Watson, Bruce"]
[Black "Ilic, Ilija"]
[Result "1/2-1/2"]
[WhiteElo "2260"]
[BlackElo "2096"]
[EventDate "2000.05.20"]
[PlyCount "92"]

1.Nf3 d6 2.g3 g6 3.Bg2 Bg7 4.O-O Nf6 5.c4 O-O 6.Nc3 Nc6 7.Rb1 e5 8.d3 h6 
9.b4 a6 10.a4 Nd4 11.e3 Ne6 12.Qc2 c6 13.b5 Bd7 14.Ba3 c5 15.bxa6 bxa6 16.
Nd2 Ra7 17.Qb3 Qc7 18.Qb6 Rc8 19.Qxc7 Rcxc7 20.Rb6 Bf8 21.Rfb1 Kg7 22.a5 
Nd8 23.Nde4 Nxe4 24.Bxe4 Nc6 25.Nd5 Rc8 26.Bb2 Nxa5 27.Ra1 Nc6 28.Raxa6 
Rxa6 29.Rxa6 Rb8 30.Rb6 Rxb6 31.Nxb6 Be8 32.f4 f6 33.f5 Nb4 34.Kf2 Bc6 35.
Bxc6 Nxc6 36.e4 h5 37.Nd5 g5 38.g4 h4 39.Ke2 Be7 40.Kd2 Bd8 41.h3 Kf7 42.
Kc2 Ne7 43.Kb3 Nxd5 44.cxd5 Ke8 45.Ka4 Kd7 46.Bc3 Be7 1/2-1/2